000 00337nam a2200133Ia 4500
005 20260328101509.0
008 260328s9999||||xx |||||||||||||| ||und||
100 _aGazey, Katja
245 0 _aModern Architecture :
_b Volume 1 (A-L) /
_cKatja Gazey
260 _bTaschen
300 _a310 p.
650 _aARQUITECTURA MODERNA
942 _cBK
999 _c9117
_d9117